000 00245nam a2200109Ia 4500
008 190216s9999||||xx |||||||||||||| ||und||
100 _aHeming Gray
245 2 _aA Love Well To Arms
260 _bPenguin Books
650 _aEnglish
942 _cBK
999 _c12793
_d12793